| 000 | 01682nam0a2200337 4500 | ||
|---|---|---|---|
| 001 | RU\NLR\bibl\894369 | ||
| 005 | 20260406145806.0 | ||
| 010 |
_a5-699-12564-7 _96000 |
||
| 021 |
_aRU _b2005-67520 _93325 |
||
| 035 | _a(nilc)RSL-KNO-002757045 | ||
| 035 | _a(NLR Aleph) 000882848 | ||
| 090 |
_a1669871 _c1669871 |
||
| 100 | _a20051025d2005 |||y0rusy50 ca | ||
| 101 | 1 |
_arus _ceng |
|
| 102 | _aRU | ||
| 105 | _ay ||||||||| | ||
| 106 | _ar | ||
| 200 | 1 |
_aСтальная Крыса на манеже _e[фантаст. роман] _fГарри Гаррисон _g[пер. с англ. Г. Корчагина] |
|
| 210 |
_aМ. _cАлександр Корженевский _cЭксмо _d2005 _gТул. тип. |
||
| 215 |
_a316 с. _d17 |
||
| 225 | 1 |
_aФантастика & фэнтези _ethe Best of |
|
| 610 | 0 | _aФилологические науки . Художественная литература -- США -- Американская литература -- с 1945 г. -- Произведения художественной литературы -- Художественная проза -- Романы. Повести. Рассказы -- Фантастические и мистические романы, повести, рассказы. Романы ужасов | |
| 686 |
_aШ5(7США)62-644.5 _2rubbk |
||
| 686 | _aШ6(7США)67-445{Лх1979-62} | ||
| 700 | 1 |
_4070 _7ca _8rus _aГаррисон _bГ. _cписатель-фантаст _f1925-2012 _gГарри _9114760 _3RU\NLR\AUTH\774785 |
|
| 801 | 0 |
_aRU _bRuMoRKP _c20051025 _grcr |
|
| 801 | 1 |
_aRU _bRuMoRGB _c20051025 |
|
| 801 | 2 |
_aRU _bNLR _c20051227 _grcr |
|
| 942 | _cBOOK | ||
| 980 | _aNB | ||